|
|
|
|
| LEADER |
00000cam a2200000 c 4500 |
| 001 |
020645392 |
| 003 |
DE-627 |
| 005 |
20260206194936.0 |
| 007 |
tu |
| 008 |
900702s1984 fr ||||| 00| ||eng c |
| 020 |
|
|
|a 9287103666
|9 92-871-0366-6
|
| 035 |
|
|
|a (DE-627)020645392
|
| 035 |
|
|
|a (DE-603)025571214
|
| 035 |
|
|
|a (DE-576)020863241
|
| 035 |
|
|
|a (DE-599)GBV020645392
|
| 035 |
|
|
|a (OCoLC)11928732
|
| 035 |
|
|
|a (OCoLC)311278025
|
| 035 |
|
|
|a (OCoLC)11928732
|
| 035 |
|
|
|a (AT-OBV)AC01314364
|
| 040 |
|
|
|a DE-627
|b ger
|c DE-627
|e rakwb
|
| 041 |
|
|
|a eng
|
| 044 |
|
|
|c XA-FR
|
| 082 |
0 |
|
|a 341.481
|q OCLC
|
| 082 |
0 |
|
|a 363.2
|q OCLC
|
| 082 |
0 |
|
|a 341.489
|q OCLC
|
| 084 |
|
|
|a PS 4060
|2 rvk
|0 (DE-625)rvk/139830:
|
| 100 |
1 |
|
|a Alderson, John C.
|0 (DE-627)1236664345
|0 (DE-576)166664340
|4 aut
|
| 109 |
|
|
|a Alderson, John C.
|a Alderson, John
|
| 245 |
1 |
0 |
|a Human rights and the police
|c by J. Alderson
|
| 264 |
|
1 |
|a Strasbourg
|b Council of Europe, Directorate of Human Rights
|c 1984
|
| 300 |
|
|
|a 214 S.
|
| 336 |
|
|
|a Text
|b txt
|2 rdacontent
|
| 337 |
|
|
|a ohne Hilfsmittel zu benutzen
|b n
|2 rdamedia
|
| 338 |
|
|
|a Band
|b nc
|2 rdacarrier
|
| 490 |
0 |
|
|a Human rights
|
| 776 |
0 |
8 |
|i Franz. Ausg. u.d.T.
|a Alderson, J.: Les droits de l'homme et la police
|
| 935 |
|
|
|h HEB
|i 0501
|
| 935 |
|
|
|h HEB
|i 0503
|
| 936 |
r |
v |
|a PS 4060
|b Einzeldarstellungen
|k Rechtswissenschaft
|k Europarecht; Recht der Europäischen Gemeinschaften bzw. der Europäischen Union und der sonstigen europäischen Organisationen; Europäische Rechtsvereinheitlichung
|k Europarat
|k Einzeldarstellungen
|0 (DE-627)1270715372
|0 (DE-625)rvk/139830:
|0 (DE-576)200715372
|
| 936 |
s |
n |
|a p100
|2 mzub
|
| 936 |
s |
n |
|a m200
|2 mzub
|
| 951 |
|
|
|a BO
|
| ELC |
|
|
|b 1
|
| LOK |
|
|
|0 000 xxxxxcx a22 zn 4500
|
| LOK |
|
|
|0 001 3340119538
|
| LOK |
|
|
|0 003 DE-627
|
| LOK |
|
|
|0 004 020645392
|
| LOK |
|
|
|0 005 19900702000000
|
| LOK |
|
|
|0 008 900702||||||||||||||||ger|||||||
|
| LOK |
|
|
|0 040
|a DE-21
|c DE-627
|d DE-21
|
| LOK |
|
|
|0 852
|a DE-21
|
| LOK |
|
|
|0 852 1
|c KB 7 E 327
|9 00
|
| LOK |
|
|
|0 935
|a krim
|
| LOK |
|
|
|0 936ln
|a k1
|
| LOK |
|
|
|0 939
|a 02-07-90
|b l01
|
| ORI |
|
|
|a SA-MARC-krimdoka001.raw
|
| SIG |
|
|
|a UB: KB 7 E 327
|